000 01186cab a22002175a 4500
001 L153093
008 110607e20110606xxk 000 0 eng d
035 _a(Sirsi) u153093
041 0 _aeng
245 0 0 _aRICS Dispute Resolution Professional Group forms working party to look at existing guidance
_h[electronic resource]
260 _c2011
490 _aRICS Press Release
_v6 June 2011
520 _aOutlines the findings of the RICS Working Party set up to review "RICS Practice Statement and Guidance Note for Surveyors acting as expert witnesses" 3rd edition following "Jones v Kaney" [2011] UKSC 13 (L152587) which abolished expert witness immunity. Concludes that GN22 and Appendix C require revision to be published as a separate addendum.
590 _aKA
650 2 4 _aJONES V KANEY
650 2 4 _aRICS PRACTICE STATEMENT AND GUIDANCE NOTE FOR SURVEYORS ACTING AS EXPERT WITNESSES 3RD EDITION
651 4 _aUNITED KINGDOM
690 _aMANAGEMENT-DISPUTE AVOIDANCE, MANAGEMENT AND RESOLUTION-DISPUTE MANAGEMENT AND RESOLUTION
856 4 0 _uhttps://www.rics.org/site/scripts/news_article.aspx?newsID=2272
_zView this item free of charge at www.rics.org
942 _n0
999 _c83184
_d83184